Ciekawostki o Polsce - Statystyki

Ogólne statystyki
  • Ten quiz został rozwiązany 208 razy
  • Średni wynik to 9 z 17
Statystyki odpowiedzi
Podpowiedź Odpowiedź % Poprawnych
Jedna z najstarszych kopalnisoli na świecie: Wieliczka
94%
Amerykański film, który stał się "tradycją" Bożonarodzeniową dla Polaków: Kevin Sam w Domu /Kevin Sam w Nowym Jorku
82%
Najcięższe, lądowe zwierzę w Europie występujące tylko w Puszczy Białowieskiej: Żubr
82%
Drugi najstarszy uniwersytetw Europie: Uniwersytet Jagielloński
73%
Wszystkie polskie stolice licząc od początków narodu: Kraków
66%
Polska jest największym na świecieeksporterem surowca wydobywanego z nad morza. Jakiego? Bursztyn
65%
Wszystkie polskie stolice licząc odpoczątków narodu: Warszawa
62%
Największa pustynia w Europie: PustyniaBłędowska
57%
Afrykańskie państwo, które miało byćpolską kolonią w 1937 r.: Madagaskar
53%
Wszystkie polskie stolice licząc od początków narodu: Gniezno
52%
Ile polskich obiektów jest wpisanena listę Światowego Dziedzictwa UNESCO? 15
43%
Jak inaczej można nazwać Mazury? Kraina Tysiąca Jezior
34%
Najstarszy łańcuch górski w Europie: Góry Świętokrzyskie
29%
Wszystkie polskie stolice licząc od początków narodu: Poznań
27%
Wszystkie polskie stolice licząc od początków narodu: Płock
25%
Jedna z najstarszych restauracjiw Europie znajdująca się we Wrocławiu: PiwnicaŚwidnicka
8%
Wymień min. 1 z 2 wynalazców kamizelki kuloodpornej Kazimierz Żegleń / Jan Szczepanik
3%
Nie znaleziono quizów pasujących do podanych kryteriów
Rozkład punktacji
Procent ludzi z każdym wynikiem
Percentyl według liczby udzielonych odpowiedzi
Twoja historia wyników
Nie rozwiązałeś tego quizu